000 00649cam a2200241 i 4500
001 4646473
005 20180301084117.0
008 800903s1980 enk b 001 0 eng
010 _a 79041132
015 _aGB***
020 _a0198741146 :
_c£12.50
020 _a0198741154 (pbk.)
040 _aDLC
_cDLC
_dDLC
041 _aeng
080 _a510.2491 WIL
082 0 0 _a510.2491 WIL
_219
100 1 _a44
101 _aGEO
245 1 0 _aMathematics for geographers and planners /
_cA. G. Wilson and M. J. Kirkby.
504 _aBibliography: p. [367]-373.
906 _a7
_bcbc
_corignew
_d2
_eocip
_f19
_gy-gencatlg
942 _2ddc
_cBK
999 _c43873
_d43873